000 00431nam a2200133Ia 4500
008 170221s9999 xx 000 0 und d
100 _aGerald Kasigwa
245 _aReduced Audit Quality Behavior among Auditors in Uganda
245 _cGerald Kasigwa, John C. Munene, Joseph Ntayi, & Isaac Nkote
260 _c2013
300 _a11 : 1
650 _xBusiness
856 _uhttp://www.globip.com/articles/african-vol9-article3.pdf
999 _c311598
_d311598